LEADER 03013oam 2200745I 450 001 9910457045003321 005 20200520144314.0 010 $a0-429-90519-X 010 $a0-429-48042-3 010 $a1-283-06878-8 010 $a9786613068781 010 $a1-84940-295-7 024 7 $a10.4324/9780429480423 035 $a(CKB)2550000000032323 035 $a(EBL)690066 035 $a(OCoLC)723944393 035 $a(SSID)ssj0000525821 035 $a(PQKBManifestationID)11327394 035 $a(PQKBTitleCode)TC0000525821 035 $a(PQKBWorkID)10508587 035 $a(PQKB)11531423 035 $a(MiAaPQ)EBC690066 035 $a(Au-PeEL)EBL690066 035 $a(CaPaEBR)ebr10463893 035 $a(CaONFJC)MIL306878 035 $a(OCoLC)726747565 035 $a(EXLCZ)992550000000032323 100 $a20180706h20182000 uy 0 101 0 $aeng 135 $aur|n|---||||| 181 $ctxt 182 $cc 183 $acr 200 10$aSpilt milk $eperinatal loss and breakdown /$fby Joan Raphael-Leff 205 $aFirst edition. 210 1$aBoca Raton, FL :$cRoutledge, an imprint of Taylor and Francis,$d[2018]. 210 4$d©2000 215 $a1 online resource (169 p.) 225 1 $aPsychoanalytic ideas 300 $aDescription based upon print version of record. 311 $a0-367-32708-2 311 $a0-9537105-1-3 320 $aIncludes bibliographical references and index. 327 $aCover; Copy Right; Dedication; Acknowledgements; Introduction: Technical issues in perinatal therapy; The experience of having a baby: a developmental view; Pregnancy and the internal world; "Is there something wrong?": the impact of technology in pregnancy; Pregnancy after stillbirth or neonatal death: psychological risks and management; "Climbing the walls": therapeutic intervention for post-partum disturbance; Puerperal psychosis: vulnerability and aftermath 330 3 $aA collection of lectures by eminent members of the British Psycho-analytical Society. Includes papers on the experience of having a baby, pregnancy and the internal world, pregnancy after stillbirth or neonatal death, and therapeutic intervention for post-partum disturbance. 410 0$aPsychoanalytic ideas. 606 $aPregnancy$xPsychological aspects 606 $aChildbirth$xPsychological aspects 606 $aParenthood$xPsychological aspects 606 $aPerinatal death$xPsychological aspects 608 $aElectronic books. 615 0$aPregnancy$xPsychological aspects. 615 0$aChildbirth$xPsychological aspects. 615 0$aParenthood$xPsychological aspects. 615 0$aPerinatal death$xPsychological aspects. 676 $a612.63 676 $a616.89156 700 $aRaphael-Leff$b Joan$f1941-$0851243 712 02$aInstitute of Psycho-analysis (Great Britain) 801 0$bFlBoTFG 801 1$bFlBoTFG 906 $aBOOK 912 $a9910457045003321 996 $aSpilt milk$91900624 997 $aUNINA LEADER 01493cam a2200289 4500 001 991003253039707536 005 20250430130201.0 008 941125s1812 it b 000 0 ita d 035 $ab14304065-39ule_inst 035 $aCICOGNARA-2014-0066$9ExL 040 $aBibl. Interfacoltà T. Pellegrino$bita 100 1 $aFea, Carlo$d<1753-1836>$037512 245 10$aOsservazioni intorno alla celebre statua detta di Pompeo lette il dì 10 settembre nell'accademia Romana d'Archeologia /$cdall'Avv. Carlo Fea ... 260 $aRoma :$bnella stamperia De Romanis,$c1812. 300 $a16 p.; $c18 cm. 500 $aRiproduzione in microfiche dell'originale conservato presso la Biblioteca Apostolica Vaticana 504 $aComprende riferimenti bibliografici. 600 14$aPompeius Magnus, Cneus,$d106-48 a.C.$xStatue 610 24$aPalazzo Spada (Roma) 787 18$iLeopoldo Cicognara Program :$tBiblioteca Cicognara$h[microform] : literary sources in the history of art and kindred subjects 787 18$tCatalogo ragionato dei libri d'arte e d'antichità / Leopoldo Cicognara 907 $a.b14304065$b01-04-22$c28-07-16 912 $a991003253039707536 945 $aLE002 SB Raccolta Cicognara, mcrf 3508$g0$lle002$pE0.00$rn$so $t11$u0$v0$w0$x0$y.i15775616$z28-07-16 996 $aOsservazioni intorno alla celebre statua detta di Pompeo lette il dì 10 settembre nell'accademia Romana d'Archeologia$91392163 997 $aUNISALENTO 998 $ale002$b28-07-16$cm$dg $e-$fita$git $h0$i1